Meeting at Potsdam /
Saved in:
| Main Author: | |
|---|---|
| Format: | Book |
| Language: | English |
| Published: |
Nueva York, EUA :
Dell,
1975, c1975
|
| Subjects: | |
| Tags: |
No Tags, Be the first to tag this record!
|
MARC
| LEADER | 00000nam^a2200000^a^4500 | ||
|---|---|---|---|
| 001 | 000280172 | ||
| 005 | 20250521000000.0 | ||
| 009 | 20260310111457.425 | ||
| 037 | |a Acervo ITESO - Biblioteca | ||
| 041 | |a ING | ||
| 082 | |a 940. 53141 |b MEE | ||
| 100 | |a Mee, Charles L. |e (autor) | ||
| 245 | 1 | 0 | |a Meeting at Potsdam / |c C.L. Mee, hijo. |
| 264 | 4 | |a Nueva York, EUA : |b Dell, |c 1975, c1975 | |
| 300 | |a 317 p. | ||
| 336 | |a texto |b txt |2 rdacontenido | ||
| 337 | |a sin mediación |b n |2 rdamedio | ||
| 338 | |a volumen |b nc |2 rdasoporte | ||
| 649 | |a XX | ||
| 650 | |a División Política y Administrativa - |z Alemania - |x Historia | ||
| 650 | |a División Política y Administrativa - |z Austria - |x Historia | ||
| 650 | |a División Política y Administrativa - |z Polonia - |x Historia | ||
| 650 | |a Reconstrucción de Guerra - |z Alemania - |x Historia | ||
| 650 | |a Pacificación - |z Europa - |x Historia | ||
| 650 | |a Intervención Política - |z EUA | ||
| 650 | |a Intervención Política - |z Rusia | ||
| 650 | |a Intervención Política - |z Inglaterra | ||
| 650 | |a Conferencia de Potsdam, 1945 - |x Historia - |x Tema Principal | ||
| 650 | |a Guerra Mundial (Segunda), 1939-1945 - |x Historia - |x Tema Principal | ||
| 650 | |a Guerra Fría - |x Historia - |x Tema Principal | ||
| 650 | |a Berlín, Alemania - |x Historia - |y Ocupación Aliada, 1945-1949 | ||
| 650 | |a Alemania - |x Historia - |y Ocupación Aliada, 1945-1949 | ||
| 650 | |a Austria - |x Historia - |y Ocupación Aliada, 1945-1955 | ||
| 650 | |a Polonia - |x Historia - |y 1945-1956 | ||
| 650 | |a Europa - |x Historia - |y 1945-1989 | ||
| 910 | |a Fondo General | ||
| 920 | |a Impresos - Libros | ||
| 930 | |a Colección General | ||
| 905 | |a 101 | ||
| 901 | |a 0500166636 |b IT1 |c ACC |u 20250521 | ||
| 902 | |a https://opac.biblio.iteso.mx/vufind/Record/000280172 | ||